Statistics for Netball

Click here to take the quiz!

General Stats

  • This quiz has been taken 16 times
  • The average score is 5 of 10

Answer Stats

QuestionAnswer% Correct
When you walk with the ball, in netball terms what is it called?Stepping
92%
Which two positions shoot?GS and GA
85%
How many people are on a netball team, playing on the court at one time?7
77%
During the 1990s, which two countries played against each other most often in Finals of the World Championships?Australia+New Zealand
77%
How many team's positions can go into the centre circle?5
69%
The ANZ Championship ran for 9 seasons between 2008-2016. How many teams competed in the championship each year?10
46%
Where were the first Netball World Championships held?England
31%
Which team won the inaugural Commonwealth Bank Trophy (1997)?Melbourne Phoenix
15%
What colour do the umpires wear?There is not a specific colour.
15%
What year was Netball first played at the Commonwealth Games?1990
8%

Score Distribution

Percentile by Number Answered

Percent of People with Each Score

Your Score History

You have not taken this quiz